Zborník prednášok 2

Enregistré dans:
Détails bibliographiques
Format: Livre
Langue:slovaque
Publié: Bratislava CENEKON 1990
Édition:1. vyd.
Tags: Ajouter un tag
Pas de tags, Soyez le premier à ajouter un tag!

MARC

LEADER 00000nam a2200000 4500
001 c034779
005 20221128074753.8
041 0 |a slo 
044 |a SK 
245 1 0 |a Zborník prednášok 2 
250 |a 1. vyd. 
264 1 |a Bratislava  |b CENEKON  |c 1990 
300 |a 107,25,42 s.